[Event "Stryi Zadorezki Memorial"]
[Site "Stryi"]
[Date "2011.04.30"]
[Round "3"]
[White "Teslovich, Viacheslav"]
[Black "Tymkiv, Vasyl"]
[Result "0-1"]
[WhiteElo "1985"]
[BlackElo "1925"]
[PlyCount "82"]
[EventDate "2011.04.29"]
[EventType "tourn"]
[EventRounds "9"]
[EventCountry "UKR"]
[SourceTitle "CBM 142 Extra"]
[Source "ChessBase"]
[SourceDate "2011.06.27"]
[SourceVersion "1"]
[SourceVersionDate "2011.06.27"]
[SourceQuality "1"]

1. e4 d6 2. d4 g6 3. Be3 Nf6 4. f3 Bg7 5. Qd2 0-0 6. Nc3 a6 7. h4 h5 8. Be2 b5 9. g4 hxg4 10. fxg4 b4 11. Na4 Nxe4 12. Qxb4 Nc6 13. Qc4 Bb7 14. d5 Ne5 15. Qxe4 e6 16. Nc3 c6 17. dxe6 fxe6 18. 0-0-0 Qc7 19. Qa4 c5 20. Rh3 d5 21. Bd2 d4 22. Nb1 c4 23. Ba5 Qb8 24. Bxc4 Nxc4 25. Qxc4 Bd5 26. Qc7 Qb5 27. Qb6 Qc4 28. Qb3 Qc8 29. Qa3 Rb8 30. b3 e5 31. Qd6 Be4 32. c4 Qxg4 33. Nd2 Bh6 34. Qxe5 Rbe8 35. Qg3 Qf5 36. Rf1 Qxa5 37. Rxf8+ Rxf8 38. Qe1 Bxd2+ 39. Qxd2 Rf1+ 40. Qd1 Qa3+ 41. Kd2 Qb2+ 0-1